000 00499nam a2200193Ia 4500
008 240510s9999 xx 000 0 und d
020 _a0003540673539
041 _aEng
082 _a004
082 _bR21
100 _aCagnoni S. (et-al)(eds)
245 0 _aReal-world applications of evolutionary computing : Lecture notes in computer science : Proceedings
260 _bSpringer:
260 _c2000
300 _a393 p.
650 _acomputer science :
942 _2ddc
942 _cRBK
999 _c27701
_d27701
945 _a1
_bMadushi Gamage
_c1
_dMadushi Gamage